00914nam a22002657a 45000010005000000030006000050050017000110080041000280200015000690400029000840500012001130820014001251000020001392450140001592500047002992600037003463000049003834900025004325050008004575200086004655210023005515210020005746500023005947000031006175091FISKH20241105160254.0241105b cb ||||| |||| 00| 0 eng d a0531186423 aFISKHbengcFISKHdFISKH aG530.T6 a910.91634 aStewart, David  aYou Wouldn't Want to Sail on the Titanic! :bOne Voyage You'd Rather Not Make /cWritten by David Stewart : illustrated by David Antram aFirst Scholastic printing , September 2001 aNew York : bScholastic ;c2001. a32 pages : bcolor illustrations ;c26 cm .  aYou Wouldn't Want to aZ  aOffers a humorous but factual look at the ill-fated voyage of the R.M.S. Titanic.8 a940 bLexile IG 8 aZ bRaz-plus  ashipsvnon-fiction aAntram, Davideillustrator